000 00297nam a22001337a 4500
008 171030b xxu||||| |||| 00| 0 eng d
020 _a9780023035418
041 _aeng
080 _22ND
_a33
100 _a58
101 _aBUS
245 _aBUSINESS COMMUNICATION
_cANDREWS,D.C
942 _2udc
_cBK
999 _c36539
_d36539